[Event "Madrid-ch"]
[Site "Madrid"]
[Date "2012.11.15"]
[Round "8"]
[White "Pardinas Riano, Emilio"]
[Black "Alfageme Sanchez, Jesus"]
[Result "1/2-1/2"]
[WhiteElo "1728"]
[BlackElo "1720"]
[PlyCount "118"]
[EventDate "2012.11.05"]
[EventType "swiss"]
[EventRounds "9"]
[EventCountry "ESP"]
[SourceTitle "CBM 151 Extra"]
[Source "ChessBase"]
[SourceDate "2012.12.18"]
[SourceVersion "1"]
[SourceVersionDate "2012.12.18"]
[SourceQuality "1"]

1. e4 Nc6 2. d4 e5 3. d5 Nce7 4. Nf3 Nf6 5. Be2 Ng6 6. Bd3 Bb4+ 7. Bd2 Bxd2+ 8. Nbxd2 d6 9. h3 Nf4 10. Bf1 0-0 11. g3 Ng6 12. Bg2 h6 13. c4 Nh7 14. Qe2 f5 15. Nh2 f4 16. g4 Nh4 17. f3 Nxg2+ 18. Qxg2 Qh4+ 19. Ke2 Qg3 20. Rag1 Qh4 21. Nhf1 a6 22. Qf2 Qxf2+ 23. Kxf2 b5 24. b3 Bd7 25. h4 bxc4 26. Nxc4 Bb5 27. Nfd2 a5 28. Rb1 Bd7 29. Rhc1 Rf7 30. Na3 Rc8 31. Ndc4 a4 32. b4 Nf6 33. b5 Rb8 34. b6 Ne8 35. b7 c6 36. Na5 c5 37. N3c4 Kf8 38. Rb6 Ke7 39. Nc6+ Bxc6 40. dxc6 Nc7 41. Rbb1 Ke6 42. Nb6 Na6 43. Nd7 Rxd7 44. cxd7 Kxd7 45. Rb6 Nb4 46. Rd1 Nc6 47. a3 Kc7 48. Rdb1 Na5 49. Ra6 Nc6 50. Rxa4 Nd8 51. Ra8 Nxb7 52. Rxb8 Kxb8 53. Ke2 Kc7 54. Kd3 Na5 55. Rb5 Nc6 56. Rb1 Nd4 57. Rf1 Kb6 58. Kc4 Nc2 59. Kb3 Nd4+ 1/2-1/2

[Event "Madrid-ch"]
[Site "Madrid"]
[Date "2012.11.08"]
[Round "4"]
[White "Martin Rodriguez, Jose Luis"]
[Black "Pardinas Riano, Emilio"]
[Result "1-0"]
[WhiteElo "1398"]
[BlackElo "1728"]
[PlyCount "95"]
[EventDate "2012.11.05"]
[EventType "swiss"]
[EventRounds "9"]
[EventCountry "ESP"]
[SourceTitle "CBM 151 Extra"]
[Source "ChessBase"]
[SourceDate "2012.12.18"]
[SourceVersion "1"]
[SourceVersionDate "2012.12.18"]
[SourceQuality "1"]

1. e4 c5 2. Nf3 Nc6 3. d4 cxd4 4. Nxd4 g6 5. Nc3 Bg7 6. Be3 a6 7. Nxc6 bxc6 8. Qd2 Bb7 9. f3 d6 10. Bg5 Nf6 11. Bh6 0-0 12. Bxg7 Kxg7 13. Bc4 Qc7 14. 0-0-0 Rad8 15. Bb3 d5 16. Qe1 e5 17. g4 d4 18. Ne2 c5 19. Bc4 Ra8 20. h4 h5 21. gxh5 Nxh5 22. Ng3 Nf4 23. Qg1 Rh8 24. Nf5+ Kf8 25. Ng3 Qe7 26. Qh2 Bc8 27. Ne2 Nxe2+ 28. Bxe2 Bd7 29. f4 Bb5 30. Bxb5 axb5 31. a3 b4 32. axb4 Ra1+ 33. Kd2 Rxd1+ 34. Kxd1 exf4 35. Qxf4 cxb4 36. e5 Rh5 37. Qxd4 Rxe5 38. b3 f6 39. Rg1 Re4 40. Qd3 Qf7 41. Qxe4 Qa7 42. Qxb4+ Kg7 43. Re1 Qd7+ 44. Kc1 Qc8 45. Qe7+ Kh6 46. Qe3+ Kh5 47. Qf3+ Kh6 48. Qxf6 1-0

[Event "ESP-ch Veterans"]
[Site "Madrid"]
[Date "2010.02.18"]
[Round "9"]
[White "Martinez Miura, Enrique"]
[Black "Pardinas Riano, Emilio"]
[Result "1/2-1/2"]
[WhiteElo "1724"]
[BlackElo "1801"]
[PlyCount "24"]
[EventDate "2010.02.08"]
[EventType "swiss"]
[EventRounds "9"]
[EventCountry "ESP"]
[SourceTitle "CBM 134 Extra"]
[Source "ChessBase"]
[SourceDate "2010.03.03"]
[SourceVersion "1"]
[SourceVersionDate "2010.03.03"]
[SourceQuality "1"]

1. e4 c5 2. c4 d6 3. Nc3 g6 4. g3 Bg7 5. Bg2 Nf6 6. Nge2 0-0 7. 0-0 Nc6 8. d3 e6 9. f4 a6 10. Rb1 Qc7 11. h3 Bd7 12. Be3 h6 1/2-1/2

[Event "ESP-ch Veterans"]
[Site "Madrid"]
[Date "2010.02.15"]
[Round "6"]
[White "Leniz Martinez, Francisco"]
[Black "Pardinas Riano, Emilio"]
[Result "1-0"]
[WhiteElo "1845"]
[BlackElo "1801"]
[PlyCount "85"]
[EventDate "2010.02.08"]
[EventType "swiss"]
[EventRounds "9"]
[EventCountry "ESP"]
[SourceTitle "CBM 134 Extra"]
[Source "ChessBase"]
[SourceDate "2010.03.03"]
[SourceVersion "1"]
[SourceVersionDate "2010.03.03"]
[SourceQuality "1"]

1. e4 c5 2. Nf3 d6 3. d4 cxd4 4. Nxd4 Nf6 5. Nc3 a6 6. Be3 e6 7. f3 Be7 8. Qd2 Nc6 9. 0-0-0 Qc7 10. g4 h6 11. h4 b5 12. Kb1 Bb7 13. Be2 0-0-0 14. Nxc6 Bxc6 15. a4 Qb7 16. a5 d5 17. Bb6 Rd7 18. e5 Ne8 19. Qd4 Kb8 20. Rh3 Nc7 21. Na2 Na8 22. Bc5 Bxc5 23. Qxc5 Rhd8 24. Qd4 Rc7 25. f4 Rdc8 26. Rdd3 Bd7 27. Rc3 Rxc3 28. Rxc3 Rxc3 29. Qxc3 Qc7 30. Qb4 Kb7 31. Nc1 f6 32. exf6 gxf6 33. Nb3 Qc6 34. Qd4 f5 35. g5 hxg5 36. hxg5 Be8 37. g6 e5 38. Qxe5 Bxg6 39. Bd3 Nc7 40. Bxf5 Bxf5 41. Qxf5 Qc4 42. Qf6 Qc6 43. Qf7 1-0

[Event "ESP-ch Veterans"]
[Site "Madrid"]
[Date "2010.02.08"]
[Round "1"]
[White "Pardinas Riano, Emilio"]
[Black "Fuentes Arjona, Antonio C"]
[Result "0-1"]
[WhiteElo "1801"]
[BlackElo "2041"]
[PlyCount "32"]
[EventDate "2010.02.08"]
[EventType "swiss"]
[EventRounds "9"]
[EventCountry "ESP"]
[SourceTitle "CBM 134 Extra"]
[Source "ChessBase"]
[SourceDate "2010.03.03"]
[SourceVersion "1"]
[SourceVersionDate "2010.03.03"]
[SourceQuality "1"]

1. e4 c5 2. Nf3 Nc6 3. d4 cxd4 4. Nxd4 g6 5. Be3 Bg7 6. Be2 Nf6 7. Nc3 0-0 8. 0-0 d5 9. exd5 Nxd5 10. Nxd5 Qxd5 11. Bf3 Qd7 12. Nxc6 bxc6 13. c3 Rb8 14. Qe2 Qb7 15. Bf4 e5 16. Bxe5 Re8 0-1

[Event "Madrid-ch Previa-A"]
[Site "Madrid"]
[Date "2009.11.02"]
[Round "1"]
[White "Pardinas Riano, Emilio"]
[Black "Cortes Jurado, Rafael"]
[Result "0-1"]
[WhiteElo "1838"]
[BlackElo "2062"]
[PlyCount "98"]
[EventDate "2009.11.02"]
[EventType "swiss"]
[EventRounds "9"]
[EventCountry "ESP"]
[SourceTitle "EXT 2010"]
[Source "ChessBase"]
[SourceDate "2010.11.25"]
[SourceVersion "1"]
[SourceVersionDate "2010.11.25"]
[SourceQuality "1"]

1. e4 c5 2. Nf3 e6 3. d4 cxd4 4. Nxd4 Nc6 5. Be2 Qc7 6. 0-0 Nf6 7. Nc3 a6 8. Be3 Bb4 9. f3 0-0 10. a3 Be7 11. f4 d6 12. h3 b5 13. Qe1 Bb7 14. Bf3 Na5 15. Rd1 Nc4 16. Bc1 Rac8 17. Kh1 Nxa3 18. bxa3 Qxc3 19. Rd3 Qxe1 20. Rxe1 Bd8 21. e5 Bxf3 22. Nxf3 dxe5 23. fxe5 Nd5 24. Nd4 Bb6 25. Re2 Rfd8 26. Nf3 Rc4 27. Kh2 Rdc8 28. Ne1 h6 29. Bd2 Kh7 30. Rf3 R8c7 31. Rd3 Nc3 32. Bxc3 Rxc3 33. Red2 Ba5 34. Rd7 R3c5 35. Rxc7 Rxc7 36. Rd1 Bxe1 37. Rxe1 Rxc2 38. Re3 g5 39. Kg3 Kg6 40. Kf3 a5 41. Rb3 Rc5 42. Re3 b4 43. axb4 axb4 44. g4 Rc3 45. Rxc3 bxc3 46. Ke3 f5 47. exf6 Kxf6 48. Kd3 Ke5 49. Kxc3 Kf4 0-1

[Event "Madrid-ch Seniors 0809"]
[Site "Madrid"]
[Date "2009.02.17"]
[Round "7"]
[White "Pardinas Riano, Emilio"]
[Black "Lopez Heras, Arturo"]
[Result "0-1"]
[WhiteElo "1866"]
[BlackElo "1943"]
[PlyCount "46"]
[EventDate "2009.02.09"]
[EventType "swiss"]
[EventRounds "9"]
[EventCountry "ESP"]
[SourceTitle "CBM 128 Extra"]
[Source "ChessBase"]
[SourceDate "2009.03.05"]
[SourceVersion "2"]
[SourceVersionDate "2009.03.25"]
[SourceQuality "1"]

1. e4 e5 2. Nf3 Nc6 3. Bc4 Bc5 4. 0-0 Nf6 5. Nc3 0-0 6. a3 d6 7. h3 a6 8. d3 h6 9. b4 Bb6 10. Nd5 Nxd5 11. Bxd5 Ne7 12. Bb3 Ng6 13. Bd2 Be6 14. c3 Bxb3 15. Qxb3 Qf6 16. Rad1 Nf4 17. Bxf4 Qxf4 18. Qc2 f5 19. Rde1 g5 20. Qe2 g4 21. Nd2 gxh3 22. g3 Qxg3+ 23. Kh1 Qg2# 0-1

[Event "Madrid-ch Seniors 0809"]
[Site "Madrid"]
[Date "2009.02.12"]
[Round "4"]
[White "Pardinas Riano, Emilio"]
[Black "Beekof Harmsen, Willen"]
[Result "1-0"]
[WhiteElo "1866"]
[BlackElo "1942"]
[PlyCount "63"]
[EventDate "2009.02.09"]
[EventType "swiss"]
[EventRounds "9"]
[EventCountry "ESP"]
[SourceTitle "CBM 128 Extra"]
[Source "ChessBase"]
[SourceDate "2009.03.05"]
[SourceVersion "2"]
[SourceVersionDate "2009.03.25"]
[SourceQuality "1"]

1. e4 d6 2. d4 c5 3. d5 g6 4. Nf3 Bg7 5. Be2 f5 6. exf5 Bxf5 7. 0-0 e5 8. dxe6 Bxe6 9. c3 Ne7 10. Be3 Nbc6 11. Nbd2 Qd7 12. Ne4 Bd5 13. Ng3 0-0-0 14. Qd2 h6 15. Rfd1 Bxf3 16. Bxf3 Ne5 17. Be2 b6 18. Ba6+ Kc7 19. a4 g5 20. c4 Ng4 21. a5 Nxe3 22. axb6+ axb6 23. Bb5 Nxc4 24. Ra7+ Kb8 25. Rxd7 Nxd2 26. Rxe7 Bxb2 27. Rxd2 Bc3 28. Rd5 Rhf8 29. Nf5 Rf6 30. g4 Rdf8 31. Rd3 Be1 32. Rxe1 1-0

[Event "Madrid-ch Previa-A"]
[Site "Madrid"]
[Date "2008.11.12"]
[Round "6"]
[White "Garcia Gonzalez, Pedro A"]
[Black "Pardinas Riano, Emilio"]
[Result "1-0"]
[WhiteElo "1919"]
[BlackElo "1852"]
[PlyCount "129"]
[EventDate "2008.11.03"]
[EventType "swiss"]
[EventRounds "9"]
[EventCountry "ESP"]
[SourceTitle "CBM 127 Extra"]
[Source "ChessBase"]
[SourceDate "2009.01.08"]
[SourceVersion "2"]
[SourceVersionDate "2009.01.28"]
[SourceQuality "1"]

1. d4 d5 2. Nf3 Nf6 3. e3 e6 4. Bd3 Be7 5. b3 0-0 6. Bb2 Nbd7 7. 0-0 c6 8. Nbd2 Bd6 9. Ne5 c5 10. f4 cxd4 11. exd4 b6 12. Qe2 Bb7 13. Rf3 h6 14. Rh3 Ne4 15. Nxe4 dxe4 16. Bxe4 Bxe4 17. Qxe4 Nf6 18. Qf3 Rc8 19. c4 Rc7 20. g4 Qa8 21. Qg3 Ne4 22. Qe3 f5 23. gxf5 exf5 24. Rd1 Rf6 25. d5 Qf8 26. Kf1 g5 27. fxg5 Nxg5 28. Qg1 Kh7 29. Rg3 f4 30. Rgd3 f3 31. Qg4 Rf5 32. Re1 Re7 33. Rde3 Rf4 34. Qh5 Qe8 35. Qxe8 Rxe8 36. Nc6 Rxe3 37. Rxe3 Re4 38. Rxe4 Nxe4 39. Ne5 f2 40. Bd4 h5 41. Nf3 Kg6 42. Bxf2 Kf5 43. Bd4 Kf4 44. Ke2 Kf5 45. Ke3 Bf4+ 46. Kd3 Nd6 47. b4 Nxc4 48. Kxc4 Ke4 49. Nh4 Bxh2 50. Bf6 Bd6 51. a4 a6 52. b5 a5 53. Bd8 Bc5 54. Bc7 Be7 55. d6 Bxh4 56. d7 Be7 57. d8Q Bxd8 58. Bxd8 Ke5 59. Bxb6 Kd6 60. Bxa5 Kd7 61. Bb6 h4 62. Bg1 Kc7 63. Kc5 Kb7 64. a5 h3 65. Kd6 1-0

[Event "Madrid-ch Seniors"]
[Site "Madrid"]
[Date "2008.02.13"]
[Round "7"]
[White "Pardinas Riano, Emilio"]
[Black "Garcia Iturriaga, Manuel"]
[Result "1/2-1/2"]
[WhiteElo "1885"]
[BlackElo "1933"]
[PlyCount "62"]
[EventDate "2008.02.05"]
[EventType "swiss"]
[EventRounds "7"]
[EventCountry "ESP"]
[SourceTitle "EXT 2010"]
[Source "ChessBase"]
[SourceDate "2010.11.25"]
[SourceVersion "1"]
[SourceVersionDate "2010.11.25"]
[SourceQuality "1"]

1. e4 d5 2. exd5 Qxd5 3. Nc3 Qa5 4. d4 c6 5. Nf3 Bf5 6. Be2 Nf6 7. 0-0 e6 8. Bd2 Bb4 9. a3 Bxc3 10. Bxc3 Qc7 11. b4 Nbd7 12. Bb2 0-0 13. Nh4 Bg6 14. Nxg6 hxg6 15. c4 Rfd8 16. Qc1 Ne4 17. Bf3 Nd6 18. Re1 Nf6 19. Qc2 Nf5 20. Rad1 Qf4 21. d5 Ng4 22. Bxg4 Qxg4 23. Qc3 cxd5 24. cxd5 Rac8 25. Qe5 exd5 26. h3 Qg5 27. Rxd5 Rxd5 28. Qxd5 Rd8 29. Qe5 f6 30. Qe6+ Kh7 31. Bc1 Qh4 1/2-1/2

[Event "Collado Villalba op-B 20th"]
[Site "Collado Villalba"]
[Date "2003.08.23"]
[Round "2"]
[White "Pardinas Riano, Emilio"]
[Black "Gago Padreny, Ignacio"]
[Result "1-0"]
[WhiteElo "1918"]
[BlackElo "1686"]
[PlyCount "59"]
[EventDate "2003.08.22"]
[EventType "swiss"]
[EventRounds "9"]
[EventCountry "ESP"]
[SourceTitle "EXT 2004"]
[Source "ChessBase"]
[SourceDate "2003.11.25"]
[SourceVersion "1"]
[SourceVersionDate "2003.11.25"]
[SourceQuality "1"]

1. e4 c5 2. Nf3 d6 3. d4 cxd4 4. Nxd4 Nf6 5. Nc3 a6 6. Bg5 e6 7. f4 Be7 8. Bd3 Qc7 9. Qe2 Nbd7 10. 0-0-0 b5 11. Rhe1 h6 12. Bh4 g5 13. fxg5 hxg5 14. Bxg5 Bb7 15. h4 0-0-0 16. Kb1 b4 17. Na4 Qa5 18. b3 Ne5 19. Rc1 Kb8 20. c3 Rc8 21. cxb4 Qxb4 22. Nc2 Qa5 23. Bd2 Qd8 24. Bxa6 Bxa6 25. Qxa6 Rc6 26. Qb5+ Ka8 27. Ba5 Qb8 28. Bb6 Rxb6 29. Nxb6+ Ka7 30. Qa5+ 1-0

[Event "Madrid-ch Previa-A"]
[Site "Madrid"]
[Date "2002.10.29"]
[Round "5.8"]
[White "Pardinas Riano, Emilio"]
[Black "Castro Uceda, Jose Antonio"]
[Result "1-0"]
[WhiteElo "1848"]
[BlackElo "1700"]
[PlyCount "83"]
[EventDate "2002.10.29"]
[EventType "swiss"]
[EventRounds "9"]
[EventCountry "ESP"]
[SourceTitle "EXT 2004"]
[Source "ChessBase"]
[SourceDate "2003.11.25"]
[SourceVersion "1"]
[SourceVersionDate "2003.11.25"]
[SourceQuality "1"]

1. e4 c5 2. Nf3 d6 3. d4 cxd4 4. Nxd4 Nf6 5. Nc3 a6 6. Bg5 e6 7. f4 Be7 8. Bd3 Nc6 9. Nf3 Qb6 10. Rb1 Ng4 11. Qe2 Bxg5 12. Nxg5 Nf6 13. Nf3 0-0 14. h3 Nd4 15. Nxd4 Qxd4 16. Qf2 Qxf2+ 17. Kxf2 Nd7 18. Rbd1 Nc5 19. g4 b5 20. a3 Nxd3+ 21. Rxd3 Rd8 22. Rhd1 Ra7 23. Rxd6 Rad7 24. Rxd7 Rxd7 25. Rxd7 Bxd7 26. e5 Bc6 27. Ke3 Bg2 28. h4 Bc6 29. Kd4 Bf3 30. g5 Bg4 31. Ne4 Kf8 32. c3 Ke7 33. Kc5 Kd7 34. Kb6 Be2 35. Nc5+ Ke7 36. Nxa6 f6 37. Nc7 fxe5 38. fxe5 Kf7 39. Nxb5 Kg6 40. a4 Kf5 41. Nd4+ Kxe5 42. Nxe2 1-0

[Event "Madrid-ch Previa-A"]
[Site "Madrid"]
[Date "2002.10.21"]
[Round "1.10"]
[White "Pardinas Riano, Emilio"]
[Black "Arias de Reina Martinez, Francisco"]
[Result "1-0"]
[WhiteElo "1848"]
[BlackElo "1787"]
[PlyCount "87"]
[EventDate "2002.10.29"]
[EventType "swiss"]
[EventRounds "9"]
[EventCountry "ESP"]
[SourceTitle "EXT 2004"]
[Source "ChessBase"]
[SourceDate "2003.11.25"]
[SourceVersion "1"]
[SourceVersionDate "2003.11.25"]
[SourceQuality "1"]

1. e4 c6 2. d4 d5 3. Nd2 dxe4 4. Nxe4 Bf5 5. Ng3 Bg6 6. Nf3 Nd7 7. Nh4 Qc7 8. Nxg6 hxg6 9. Be3 Ngf6 10. Be2 e6 11. Qd2 0-0-0 12. 0-0-0 Be7 13. c4 c5 14. Qc2 cxd4 15. Bxd4 Bc5 16. Kb1 Rh4 17. Bxc5 Nxc5 18. Rxd8+ Qxd8 19. Rd1 Rd4 20. Rxd4 Qxd4 21. Bf3 e5 22. b4 e4 23. bxc5 exf3 24. gxf3 Qxc5 25. Ne4 Qd4 26. Qd2 Qxd2 27. Nxd2 Kc7 28. Kc2 Kc6 29. Kc3 Nd7 30. Ne4 f6 31. f4 Nc5 32. Ng3 Ne6 33. Ne2 Kc5 34. h4 b6 35. a3 a6 36. f3 a5 37. Kd3 f5 38. Kc3 b5 39. cxb5 Kxb5 40. Kb3 Nc5+ 41. Kc3 Ka4 42. Kb2 Nd3+ 43. Ka2 Ne1 44. Nc3# 1-0

[Event "Collado Villalba op-B 19th"]
[Site "Collado Villalba"]
[Date "2002.08.27"]
[Round "5"]
[White "Pardinas Riano, Emilio"]
[Black "Pascual Palomo, Lucia"]
[Result "0-1"]
[WhiteElo "1884"]
[BlackElo "1844"]
[PlyCount "78"]
[EventDate "2002.08.26"]
[EventType "swiss"]
[EventRounds "9"]
[EventCountry "ESP"]
[SourceTitle "EXT 2003"]
[Source "ChessBase"]
[SourceDate "2002.11.25"]
[SourceVersion "1"]
[SourceVersionDate "2002.11.25"]
[SourceQuality "1"]

1. e4 e6 2. d4 d5 3. Nc3 Bb4 4. e5 c5 5. a3 Bxc3+ 6. bxc3 Qc7 7. Qg4 f5 8. Qg3 cxd4 9. Ne2 dxc3 10. Nxc3 a6 11. Bd2 Nc6 12. f4 Qf7 13. Bd3 Nge7 14. 0-0 b5 15. Rab1 0-0 16. Qf2 d4 17. Ne2 Rd8 18. Bb4 Nxb4 19. axb4 Nc6 20. Rfd1 Bb7 21. Qh4 Qg6 22. Qf2 Rac8 23. h3 h5 24. Kh2 Qf7 25. Rg1 Qe7 26. Qe1 g5 27. g4 hxg4 28. Qd2 gxf4 29. Qxf4 Qh4 30. Rg3 Rd5 31. Rbg1 Nxe5 32. Nxd4 Rxd4 33. Qxe5 Rxc2+ 34. Be2 Re4 35. Qb8+ Bc8 36. Kh1 Rexe2 37. Rd1 Rh2+ 38. Kg1 Rxh3 39. Rd8+ Qxd8 0-1